El libro de las chicas : (Record no. 139939)

MARC details
000 -CABECERA
campo de control de longitud fija 00812nam a2200229 a 4500
005 - FECHA Y HORA DE LA ÚLTIMA TRANSACCIÓN
campo de control 20230517063604.0
008 - ELEMENTOS DE LONGITUD FIJA--INFORMACIÓN GENERAL
campo de control de longitud fija 081110s2002 mx r 000 0 spa d
020 ## - NÚMERO INTERNACIONAL NORMALIZADO PARA LIBROS
Número Internacional Estándar del Libro 8485334809
035 ## - NÚMERO DE CONTROL DEL SISTEMA
Número de control de sistema UPN01000167828
049 ## - COLECCIÓN
Colección CG
050 #4 - SIGNATURA TOPOGRÁFICA DE LA BIBLIOTECA DEL CONGRESO
Número de clasificación HQ798
Número de documento/Ítem S2.5
100 1# - ASIENTO PRINCIPAL--NOMBRE PERSONAL
Nombre de persona Schneider, Sylvia
245 13 - MENCIÓN DE TÍTULO
Título El libro de las chicas :
Resto del título todo lo que necesitas sabar sobre alma, cuerpo, relaciones, sexualidad, estudio, belleza, etc. /
Mención de responsabilidad, etc. Sylvia Scheider ; tr. Mabel Rodríguez.
260 ## - PUBLICACIÓN, DISTRIBUCIÓN, ETC.
Lugar de publicación, distribución, etc. Salamanca, Esp. :
Nombre del editor, distribuidor, etc. Lóguez Lector Joven,
Fecha de publicación, distribución, etc. 2002.
300 ## - DESCRIPCIÓN FÍSICA
Extensión 170 p.
440 #0 - MENCIÓN DE SERIE/ASIENTO SECUNDARIO--TÍTULO
Título Crecer y ser adulto
534 ## - NOTA SOBRE LA VERSIÓN ORIGINAL
Frase introductoria Título original:
Mención de título del original Das mädchen-fragebuch
650 #4 - ASIENTO SECUNDARIO DE MATERIA - TERMINO TEMATICO
Término de materia o nombre geográfico como elemento de entrada Mujeres adolescentes
9 (RLIN) 4095
650 #4 - ASIENTO SECUNDARIO DE MATERIA - TERMINO TEMATICO
Término de materia o nombre geográfico como elemento de entrada Mujeres adolescentes
Subdivisión general Fisiología
9 (RLIN) 14805
650 #7 - ASIENTO SECUNDARIO DE MATERIA - TERMINO TEMATICO
Término de materia o nombre geográfico como elemento de entrada Sexualidad del adolescente
Fuente del encabezamiento o término
9 (RLIN) 1514
905 ## - TIPO DE MATERIAL
Tipo de material Libro
Holdings
Estado de retiro Estado de pérdida Fuente del sistema de clasificación o colocación Estado dañado No para préstamo Código de colección Localización permanente Ubicación/localización actual Ubicación en estantería Fecha de adquisición Total de préstamos Clasificación Código de barras Fecha visto por última vez Número de copia Tipo de ítem Koha
    Library of Congress Classification     Colección General Bib. Gregorio Torres Quintero Bib. Gregorio Torres Quintero Planta baja 03/08/2023 20 HQ798 S2.5 261278 31/12/2020 1 Libro